000 01342nam a2200337Ia 4500
001 ebr10455143
003 CaPaEBR
006 m u
007 cr cn|||||||||
008 100323s2010 ne sb 001 0 eng d
010 _z 2010011774
020 _z9789004183193
020 _z9004183191
040 _aCaPaEBR
_cCaPaEBR
035 _a(OCoLC)707926711
050 1 4 _aBC21.S9
_bE4 2010eb
100 1 _aEl-Rouayheb, Khaled.
245 1 0 _aRelational syllogisms and the history of Arabic logic, 900-1900
_h[electronic resource] /
_cby Khaled El-Rouayheb.
260 _aLeiden ;
_aBoston :
_bBrill,
_c2010.
300 _aviii, 295 p.
490 1 _aIslamic philosophy, theology and science. Texts and studies ;
_vv. 80
504 _aIncludes bibliographical references and indexes.
533 _aElectronic reproduction.
_bPalo Alto, Calif. :
_cebrary,
_d2011.
_nAvailable via World Wide Web.
_nAccess may be limited to ebrary affiliated libraries.
650 0 _aSyllogism
_xHistory.
650 0 _aIslamic philosophy
_xHistory.
650 0 _aInference.
655 7 _aElectronic books.
_2local
710 2 _aebrary, Inc.
830 0 _aIslamic philosophy, theology, and science ;
_vv. 80.
856 4 0 _uhttp://site.ebrary.com/lib/rucke/Doc?id=10455143
_zAn electronic book accessible through the World Wide Web; click to view
999 _c226697
_d226697